00554nam a2200193 a 4500001001300000003000900013005001700022008004100039020002100080082001800101100002900119245006100148260002500209300000900234500003500243505003000278650002300308700002900331nice12345678IN_TiNIC20260116015057.0050801s2005 para grp 000 0 fre  a9042916702 c000a297.1977bKHA aKhatami, Sayyed Mohammad aLa Religion Et La Pensee Prisws Au Piege De L`autocratie aParisbPeetersc2005 a335p aincludes index and biblioraphy2 aReports of the Conference aIslam and Politics1 aKhatami, Sayyed Mohammad